| 000 | 00939nam a2200277 i 4500 | ||
|---|---|---|---|
| 003 | OSt | ||
| 005 | 20240821102457.0 | ||
| 008 | 160909s2016 my a d 000 f may d | ||
| 020 |
_a9789672040019 _cRM 10.00 _qpaperback |
||
| 040 |
_aPPAK _beng _cPPAK _erda |
||
| 082 | 0 | 4 |
_223 _a899.2333 |
| 090 | 0 | 0 |
_a899.2333 _bAIN _dG |
| 100 | 0 |
_aAin Maisarah, _d1982- _eauthor. |
|
| 245 | 1 | 0 |
_aRASUKAN ANAK PATUNG / _cAin Maisarah, Anaqi Ahmad ; Editor: Nurismaliza Ismail ; Ilustrator: Jajang |
| 264 | 1 |
_aBatu Caves, Selangor : _bBLINK BOOK SDN. BHD., _c2016 |
|
| 300 |
_a106 pages : _billustrations ; _c19 cm |
||
| 336 |
_atext _2rdacontent |
||
| 337 |
_aunmediated _2rdamedia |
||
| 338 |
_avolume _2rdacarrier |
||
| 650 | 1 | 0 | _aYoung adult fiction, Malay |
| 650 | 2 | 0 | _aGhost stories, Malay |
| 700 | 0 |
_aAnaqi Ahmad, _eauthor. |
|
| 700 | 0 |
_aNurismaliza Ismail, _eeditor. |
|
| 700 | 0 |
_aJajang, _eillustrator. |
|
| 942 |
_2ddc _cB |
||
| 999 |
_c196682 _d196682 |
||